Essentials of management information systems/

Enregistré dans:
Détails bibliographiques
Auteur principal: Laudon, Kenneth C., 1944-
Autres auteurs: Laudon, Jane P. (Jane Price)
Format: Livre
Langue:anglais
Publié: Upper Saddle River, NJ : Prentice Hall, 2009.
Édition:8th ed.
Sujets:
Tags: Ajouter un tag
Pas de tags, Soyez le premier à ajouter un tag!

MARC

LEADER 00000cam a22000004a 4500
001 12011945
003 MU
005 20220919084042.0
008 000518s2001 njua b 001 0 eng
010 |a  00041676  
020 |a 9780135013533  |c Tzs 26,550/= 
022 |a 0135013533 
040 |a MUL  |b eng  |c MUL  |d MUL 
042 |a pcc 
050 0 0 |a T58.6.  |b L3753 2001 
082 0 0 |a 658.4038 LAU  |2 22  |b 1 
100 1 |a Laudon, Kenneth C.,  |d 1944- 
245 1 0 |a Essentials of management information systems/  |c Kenneth C. Laudon, Jane P. Laudon. 
250 |a 8th ed. 
260 |a Upper Saddle River, NJ :  |b Prentice Hall,  |c 2009. 
300 |a xxiii, 441, [61] p. :  |b chiefly col. ill. ;  |c 28 cm. 
504 |a Includes bibliographical references and index. 
505 |a PREFACE xvI Information Systems in the Digital Age 11 Business Information Systems in Your Career 22 E-Business: How Businesses Use Information Systems 383 Achieving Competitive Advantage with Information Systems 78II Information Technology Infrastructure 1134 IT Infrastructure: Hardware and Software 1145 Foundations of Business Intelligence: Databases and Information Management 1566 Telecommunications, the Internet, and Wireless Technology 1887 Securing Information Systems 228III Key System Applications for the Digital Age 2658 Achieving Operational Excellence and Customer Intimacy: Enterprise Applications 2669 E-Commerce: Digital Markets, Digital Goods 29610 Improving Decision Making and Managing Knowledge 330IV Building and Managing Systems 36711 Building Information Systems and Managing Projects 36812 Ethical and Social Issues in Information Systems XXXGLOSSARY G-1REFERENCES R-1INDEX I-1PHOTO AND SCREEN SHOT CREDITS P-1iv 
650 0 |a Management information systems. 
650 0 |a Information systems 
650 0 |a ICT infrastructure 
650 0 |a Digital age 
650 0 |a Building information systems 
700 1 |a Laudon, Jane P.  |q (Jane Price) 
906 |a 7  |b cbc  |c orignew  |d 1  |e ocip  |f 20  |g y-gencatlg 
942 |2 ddc  |c BK  |n 0 
999 |c 450  |d 450